| 000 | 00573 a2200169 4500 | ||
|---|---|---|---|
| 999 |
_c5366 _d5366 |
||
| 020 | _a9780855983154 | ||
| 050 | _aLC 5291 FOR 1995 | ||
| 100 |
_aFordham, Paul _eAuthor |
||
| 245 |
_aAdult literacy: _ba handbook for development workers / _cPaul Fordham, Deryn Holland and Juliet Millican |
||
| 264 |
_aUK: _bOxfarm/ VSO Publicatons, _c1995 |
||
| 300 |
_ax, 168p. : _bill. |
||
| 500 | _aIncludes index | ||
| 650 |
_aAdult education-- literacy _xDeveloping countries |
||
| 700 |
_aHolland, Deryn _eAuthor |
||
| 700 |
_aMillican, Juliet _eAuthor |
||
| 942 |
_2lcc _cBK _h5291 _iFOR _kLC |
||